Children having children: the cycle of exploitation in pregnancy and premature motherhood

Saved in:  
Bibliographic Details
Main Author: Henderson, Fiona (Author)
Format: Print Article
Language:English
Published: 2024
In: The challenges of working with child sexual exploitation and how a psychoanalytic understanding can help
Year: 2024, Pages: 17-34
Online Access: Volltext (Publisher)
Check availability: HBZ Gateway
Keywords:

MARC

LEADER 00000naa a2200000 c 4500
001 1910795178
003 DE-627
005 20241204091304.0
007 tu
008 241204s2024 xx ||||| 00| ||eng c
020 |a 9780367896645 
035 |a (DE-627)1910795178 
035 |a (DE-599)KXP1910795178 
040 |a DE-627  |b ger  |c DE-627  |e rda 
041 |a eng 
084 |a 2,1  |2 ssgn 
100 1 |a Henderson, Fiona  |e VerfasserIn  |4 aut 
245 1 0 |a Children having children  |b the cycle of exploitation in pregnancy and premature motherhood  |c Fiona Henderson 
264 1 |c 2024 
336 |a Text  |b txt  |2 rdacontent 
337 |a ohne Hilfsmittel zu benutzen  |b n  |2 rdamedia 
338 |a Band  |b nc  |2 rdacarrier 
500 |a Literaturverzeichnis: Seite 33-34 
650 0 7 |0 (DE-588)4030550-8  |0 (DE-627)104360100  |0 (DE-576)208988165  |a Kind  |2 gnd 
650 0 7 |0 (DE-588)4126865-9  |0 (DE-627)105729094  |0 (DE-576)20958873X  |a Sexueller Missbrauch  |2 gnd 
650 0 7 |0 (DE-588)4053724-9  |0 (DE-627)104544732  |0 (DE-576)209105321  |a Schwangerschaft  |2 gnd 
773 0 8 |i Enthalten in  |t The challenges of working with child sexual exploitation and how a psychoanalytic understanding can help  |d London : Routledge, 2024  |g (2024), Seite 17-34  |h viii, 189 Seiten  |w (DE-627)1881992268  |z 9780367896645  |z 9780367896638  |7 nnam 
773 1 8 |g year:2024  |g pages:17-34 
776 1 |o 10.4324/9781003020370-3 
856 4 1 |u https://doi.org/10.4324/9781003020370-3  |x Verlag  |3 Volltext  |7 1 
951 |a AR 
ELC |b 1 
LOK |0 000 xxxxxcx a22 zn 4500 
LOK |0 001 4630810579 
LOK |0 003 DE-627 
LOK |0 004 1910795178 
LOK |0 005 20241204091311 
LOK |0 008 241204||||||||||||||||ger||||||| 
LOK |0 040   |a DE-2619  |c DE-627  |d DE-2619 
LOK |0 092   |o n 
LOK |0 852   |a DE-2619 
LOK |0 852 1  |9 00 
LOK |0 939   |a 04-12-24  |b l01 
ORI |a SA-MARC-krimdoka001.raw